MARC

LEADER 00000nam0a2200000 4500
001 69040
005 20231031075343.0
035 |a (RuTPU)RU\TPU\book\73528 
090 |a 69040 
100 |a 20041014d1962 km y0rusy50 ca 
101 0 |a rus 
102 |a RU 
105 |a a g 000zy 
200 1 |a Справочник литейщика  |e Фасонное стальное литье  |f П. Ф. Василевский, А. Е. Демаков, П. Н. Плеханов и др.  |g Под ред. Н. Н. Рубцова 
210 |a Москва  |c Машгиз  |d 1962 
215 |a 611 с.  |c ил. 
320 |a Библиография в конце глав. 
610 1 |a литейное производство 
610 1 |a стальное литье 
610 1 |a фасонное литье 
610 1 |a шихтовые материалы 
610 1 |a расчеты 
610 1 |a выплавка 
610 1 |a формовочные материалы 
610 1 |a литейные формы 
610 1 |a выбивка 
610 1 |a очистка 
610 1 |a термообработка 
610 1 |a пороки отливок 
610 1 |a справочники 
675 |a 621.74(035)  |v 3 
701 1 |a Василевский  |b П. Ф. 
701 1 |a Демаков  |b А. Е. 
701 1 |a Плеханов  |b П. Н. 
701 1 |a Ассонов  |b А. Д. 
701 1 |a Власов  |b В. И. 
701 1 |a Каневская  |b Т. Б. 
702 1 |a Рубцов  |b Н. Н.  |g Николай Николаевич  |4 340 
801 1 |a RU  |b 63413507  |c 20041014  |g PSBO 
801 2 |a RU  |b 63413507  |c 20220624  |g PSBO 
942 |c BK